000 01272nam a22003857a 4500
001 BR2021000007
003 BR-BrBNA
005 20230928105601.0
007 ta
008 230509b bl.||||| |||| 00| 0 por d
020 _a85-98347-01-9
040 _aBR-BrBNA
_bpor
_cBiblioteca Nacional de Agricultura
041 _a(Por)
072 _aE11; E13; E51
090 _ E11 BR2021000007
100 1 _aLeite, S. (ed.)
100 1 _aHeredia, B. (ed.)
100 1 _aMedeiros, L. (ed.)
100 1 _aPalmeira, M. (ed.)
100 1 _aCintrão, R. (ed.)
110 1 _aNúcleo de Estudos Agrários e Desenvolvimento Rural, Brasília, DF (Brasil)
_97673
110 1 _aInstituto Interamericano de Cooperação para Agricultura, Brasília, DF (Brasil)
_96381
245 1 _aImpacto dos assentamentos: um estudo sobre o meio rural brasileiro
_bEstudos NEAD n. 6
250 1 _a1. ed.
260 3 _aBrasília, DF (Brasil):
_bUNESP,
_c2004.
300 _a391 p.
500 _aBibliography p. 377-381 (71 ref.); 37 illus.; 168 tables; 108 graphs
650 _aPOLÍTICA AGRÁRIA
650 _aREFORMA AGRÁRIA
650 _aASSENTAMENTO
650 _aPRODUÇÃO AGRÍCOLA
650 _aPRODUÇÃO ANIMAL
909 _a202309
_bLucia
_c55
_dLucia Elande
942 _cBK
999 _c85755
_d85755